Т. 52, № 10; Журнал вычислительной математики и математической физики

Bibliographic Details
Parent link:Журнал вычислительной математики и математической физики: научный журнал/ Российская академия наук (РАН). Т. 52, № 10.— , 1961-
Language:Russian
Published: 2012
Format: MixedMaterials Book
KOHA link:https://koha.lib.tpu.ru/cgi-bin/koha/opac-detail.pl?biblionumber=492862

MARC

LEADER 00000nam2a2200000 4500
001 492862
005 20231101100242.0
035 |a (RuTPU)RU\TPU\prd\162171 
090 |a 492862 
100 |a 20121207a19619999k y0rusy50 ca 
101 0 |a rus 
102 |a RU 
200 0 |a Т. 52, № 10 
210 |d 2012 
461 1 |0 (RuTPU)RU\TPU\prd\1767  |t Журнал вычислительной математики и математической физики  |o научный журнал  |f Российская академия наук (РАН)  |v Т. 52, № 10  |d 1961- 
801 0 |a RU  |b 63413507  |c 20010227  |g PSBO 
801 1 |a RU  |b 63413507  |c 20121207 
801 2 |a RU  |b 63413507  |c 20201217  |g RCR 
942 |c BK 
999 |a НТБ_ТПУ  |b НФ  |e -1/20120110  |p П-6795  |s 3/20120425  |u 0,00  |v 1